Statistics for 2024 Carlton Blues AFL Team Quiz

Click here to take the quiz!

General Stats

  • This quiz has been taken 81 times
  • The average score is 33 of 54

Answer Stats

No.Answer% Correct
9Patrick Cripps
100%
30Charlie Curnow
96%
10Harry McKay
92%
1Jack Silvagni
92%
18Sam Walsh
92%
Senior CoachMichael Voss
88%
20Elijah Hollands
85%
23Jacob Weitering
85%
7Matthew Kennedy
85%
11Mitch McGovern
85%
4Oliver Hollands
85%
5Adam Cerra
81%
13Blake Acres
81%
3Jesse Motlop
81%
27Marc Pittonet
81%
19Corey Durdin
77%
21Jack Martin
77%
46Matthew Cottrell
77%
44Matthew Owies
77%
15Sam Docherty
77%
38Sam Durdin
77%
6Zac Williams
77%
24Nic Newman
73%
12Tom De Koning
73%
42Adam Saad
69%
17Brodie Kemp
69%
8Lachie Fogarty
69%
14Orazio Fantasia
69%
16Jack Carroll
65%
37Jordan Boyd
65%
32Matthew Carroll
65%
39Alex Cincotta
62%
25Jaxon Binns
62%
45Alex Mirkov
58%
22Caleb Marchbank
58%
29George Hewett
58%
2Lachlan Cowan
58%
28David Cunningham
50%
33Lewis Young
50%
41Dominic Akuei
42%
35Billy Wilson
38%
40Hudson O'Keeffe
38%
Ruck CoachMatthew Kreuzer
38%
34Rob Monahan
38%
43Ashton Moir
35%
31Harry Lemmey
31%
Forward CoachAshley Hanson
27%
Development and Talent ManagerTom Lonergan
27%
Backline CoachAaron Hamill
23%
Head of DevelopmentLuke Power
23%
Development CoachBrad Ebert
15%
Development CoachTorin Baker
15%
Coaching and Innovations ManagerAaron Greaves
12%
Midfield CoachTim Clarke
4%

Score Distribution

Percentile by Number Answered

Percent of People with Each Score

Your Score History

You have not taken this quiz